01251cam a2200289 i 450000500170000000800410001701500170005802000150007504000230009004100080011308200180012110000320013924502630017126000500043430000470048449000390053150400640057065000450063465000240067965000300070365000270073365000240076065000450078470000350082970000540086470000430091820191224041729.0040521s2001 ck a r 00010 spa d ack-2001-xxxx a958698074X ala cladCO-BoIAVH0 aspa04a633.39 bR78g1 aRÍos Katto, Clara Inés.10aGuía para el cultivo y aprovechamiento del nacedero, naranjillo o cajeto : btrichanthera gigantea (Humboldt & Bonpland) Nees / cClara Inés Ríos Katto ; edición Henry Yesid Bernal y Claudia Vallejo Londoño ; ilustraciones Laura V. Ruano Cáceres. aBogotá : bConvenio Andrés Bello, c2002. a52 páginas : bilustraciones. ; c27 cm.00aSerie ciencia y tecnología ;v97 aIncluye referencias bibliográficas (p. 33-38) e índice.16aÁrboles-xCultivos y medios de cultivo26aNacederox Cultivo.26aConservación de suelos.26aCultivos de cobertura.26aNacederox Cosecha.26aConservación de los recursos naturales1 aBernal, Henry Yesid, eeditor.1 aRuano Cáceres, Laura Víctoria, eilustradora.1 aVallejo Londoño, Claudia, eeditora.